000 00882nam a2200217Ia 4500
999 _c47179
_d47179
001 14037
003 GE_BSU
005 20220527141436.0
008 181216s1998||||ge |||||||||||||| ||geo||
020 _a9992858060
040 _cGE_BSU
041 _ageo
080 _a94(495)"01/04" დ-48
100 _aდილი, შარლ
_913868
245 _cშარლ დილი ; ფრანგულიდან თარგმნა ბაჩანა ბრეგვაძემ.
_aბიზანტიის იმპერიის ისტორია /
264 _aთბილისი :
_bნეკერი,
_c1998.
300 _a199 გვ.;
_b17 სმ.
653 _aბიზანტიის იმპერიის ისტორია
700 _aბრეგვაძე, ბაჩანა
_eმთარგმნელი
_93536
942 _cBK
_2udc